000 01095nam a2200301 i 4500
001 000010709
003 DO-SdBNP
005 20251120073732.0
007 ta
008 091009s1979 dr 000 0 spa d
040 _aDO-SdBNP
_bspa
_cBNPHU
_erda
041 _aspa
082 4 _a511.322
_bL961i
_222
100 0 _aLuna, Eduardo
_eautor
_4aut.
_925917
245 1 0 _aIntroducción a la teoría de conjuntos /
_cEduardo Luna, Amarilis Sagredo.
264 _aSantiago de los Caballeros, República Dominicana :
_bDepartamento de Publicaciones Universidad Católica Madre y Maestra,
_c1979.
300 _a81, [5] páginas ;
_c23 cm.
336 _atexto
_btxt
_2rdacontent
337 _asin mediación
_bn
_2rdamedia
338 _avolumen
_bnc
_2rdacarrier
490 _aColección textos
590 _aInventariado, 2018/BT
650 4 _aTeoría de conjuntos
_xProblemas, ejercicios, etc.
_919474
700 1 _aSagredo, Amarilis
_eautor
_4aut.
_925915
710 2 _aPontificia Universidad Católica Madre y Maestra
_9843
910 _aValidado. Control de calidad. MMOLINA
942 _2ddc
_cLBS1
999 _c10464
_d10464